000 01178nam a2200301 i 4500
001 bg
003 BPK
005 20190719115238.0
008 060314s2002 pl a f f |000 0 pol
015 _aPB 2006/7908
020 _a8373650156
040 _aWA N
_cBPK
080 _a519.2
080 _a53.08
080 _a(075.8)
100 1 _aPastusiak, Waldemar.
245 1 0 _aElementy analizy niepewności pomiarowych w studenckim laboratorium fizycznym /
_cWaldemar Pastusiak ; Politechnika Koszalińska.
260 _aKoszalin :
_bWydawnictwo Uczelniane Politechniki Koszalińskiej,
_c2002.
300 _a74 s. :
_bil. ;
_c24 cm.
504 _aBibliogr. s. 74.
650 4 _aFizyka
_xpomiary
_xbłędy.
650 4 _aRachunek prawdopodobieństwa
_xstosowanie
_xfizyka.
655 4 _aPodręczniki akademickie
710 2 _aPolitechnika Koszalińska.
_bWydawnictwo Uczelniane.
_4pbl.
856 _uhttp://dlibra.tu.koszalin.pl/dlibra/docmetadata?id=130&from=&dirids=1&ver_id=&lp=1&QI=
_yBiblioteka Cyfrowa
942 _2UKD
_cKS
856 _uhttp://koha.tu.koszalin.pl/cgi-bin/koha/opac-detail.pl?biblionumber=42305
_yKatalog online BPK
999 _c42305
_d42305